000 00710nam a2200205Ia 4500
003 GCL
008 140319s9999 xx 000 0 ara d
020 _a377118977
040 _aGCL /
_cGCL
082 0 4 _aق
_b962.066
_bط هـ
100 1 _aطه المجدوب
245 1 0 _aهزيمة يونيو .. حقائق واسرار :
_bمن النكسة حتى حرب الاستنزاف /
_cطه المجدوب
260 _aالقاهرة :
_bدار الهلال للطباعة والنشر ،
_c1988
300 _a242 ص
490 _a
650 0 4 _aحرب الاستنزاف
650 0 4 _aحرب يونيو 1967 - مصر
650 0 4 _aحرب يونيو - العمليات الحربية
942 _2ddc
_cBK
999 _c32193
_d32193